000 00360pam a2200157a 44500
008 230515b1978 xxu||||| |||| 00| 0 eng d
020 _aNULL
041 _aENGLISH
082 _a630
100 _a4748-1968
245 _aMETHODS FOR ESTIMATING AVERAGE GRAIN SIZE OF METALS
250 _a0
260 _aDELHI
_bISI
_c1978
300 _a23
650 _aNULL
999 _c651852
_d651852